Statistics for Words Made from Elements' Symbols

Click here to take the quiz!

General Stats

  • This quiz has been taken 23 times
  • The average score is 15 of 20

Answer Stats

ElementsAnswer% Correct
Boron, Oxygen, NeonBONe
100%
Fluorine, Oxygen, Xenon, SulfurFOXeS
100%
Sulfur, Hydrogen, Iodine, PhosphorusSHIP
100%
Bismuth, TelluriumBiTe
95%
Sulfur, Lithium, Carbon, PotassiumSLiCK
95%
Beryllium, Actinium, HydrogenBeAcH
90%
Fluorine, Lutetium, Sulfur, HydrogenFLuSH
90%
Sulfur, Gold, CeriumSAuCe
90%
Argon, Iodine, Selenium, NitrogenArISeN
85%
Francium, Oxygen, Thorium, YttriumFrOThY
80%
Actinium, Titanium, Oxygen, NitrogenAcTiON
70%
Phosphorus, Silver, ErbiumPAgEr
65%
Polonium, Tungsten, ErbiumPoWEr
65%
Tin, Actinium, PotassiumSnAcK
65%
Barium, Rubidium, ErbiumBaRbEr
55%
Chromium, Yttrium, Platinum, Iodine, CarbonCrYPtIC
50%
Calcium, Neodymium, Iodine, EinsteiniumCaNdIEs
45%
Sulfur, Calcium, Neodymium, Aluminum, Oxygen, Uranium, SulfurSCaNdAlOUS
45%
Phosphorus, Rhenium, Tellurium, NeodymiumPReTeNd
40%
Vanadium, Erbium, Tellurium, Bromine, Astatine, EinsteiniumVErTeBrAtEs
30%

Score Distribution

Percentile by Number Answered

Percent of People with Each Score

Your Score History

You have not taken this quiz